000 00596 a2200181 4500
001 066541
003 OSt
005 20211001110116.0
008
082 _a820.9
_bO2O
245 1 _aThe oxford companion to english literature
_cedited by Dinah Birch
250 _a7th ed.
260 _aNew Delhi
_bOxford University Press
_c2009
300 _a1164p.
690 _aEnglish literature; English-speaking countries; Intellectual life; Literature; American literature; American literature--Bio-bibliography
700 _aBirch, Dinah
_eEditor
942 _2ddc
_cBK
999 _c586
_d586